Teora̕ de riesgo

Bibliographic Details
Main Author: Diz Cruz, Evaristo
Format: eBook
Language:Spanish
Published: Bogot:̀ ECOE, 2015
Subjects:
Online Access:Acceso restringido

MARC

LEADER 00000nam a22000007a 4500
005 20220214225822.0
007 cr|||| ||||
008 220214s2015 co |||||s|||| 00||0 spa d
020 |a 978-958-771-145-5 
035 |a 35807 
040 |a vLex 
090 |c 12994  |d 12994 
100 1 |a Diz Cruz, Evaristo 
245 1 0 |a Teora̕ de riesgo  |h [Recurso electrn̤ico] /  |c Evaristo Diz Cruz 
256 |a Servicio en ln̕ea 
260 |a Bogot:̀  |b ECOE,  |c 2015 
300 |a 1 recurso electrn̤ico 
500 |a En esta cuarta Edicin̤ se incluyen temas de gran interš en el mundo de la Estads̕tica Actuarial como lo es la aplicacin̤ de Mťodos Bayesianos a los Modelos de Riesgo Colectivo, utilizados en los seguros. Igualmente se trata el tema de las Pensiones y Jubilaciones dentro del contexto de las Normas de Contabilidad Internacionales NIC19, Basilea y Solvencia II. Al igual que la tercera edicin̤, la orientacin̤ de esta obra es hacia la prc̀tica inmediata de todos los conceptos de la Teora̕ Bs̀ica de Riesgo y est ̀dirigida a lectores familiarizados con los conceptos fundamentales de Probabilidad, Estads̕tica, Cl̀culo Diferencial y Procesos de Simulacin̤ Estocs̀tica 
506 1 |a Disponible solo en los productos indicados  |d vLex Global  |d vLex Global (Academic Edition, excluding Law Schools)  |d vLex Global (U.S. Academic Edition, Law Schools)  |d vLex Global (U.S. Academic Edition, excluding Law Schools)  |d vLex Global (Academic Edition, Law Schools) 
650 0 4 |a Economa̕ y negocios  |z Colombia 
650 0 4 |a Banca y finanzas  |z Colombia 
740 0 |a vLex Libros (Servicio en ln̕ea) 
856 4 0 |u https://app.vlex.com/#/sources/35807  |z Acceso restringido 
942 |c BOOK 
999 0 |a Economy and business 
999 0 |a Banking and finance